MDQL
is popping MORE tags! Check the
thread
!
Quizzes
Events
Quiz Creation
Community
Videos
Private Events
Remove Ads
Sign In
Join for FREE
Feedback
Dark Mode
Quiz Categories
Sports
Geography
Music
Movies
Television
Just For Fun
Miscellaneous
History
Literature
Language
Science
Gaming
Entertainment
Religion
Holiday
For Kids
Quiz Lab
Recent
Popular Today
Quiz Kudos Today
Editor Picks
Curator Picks
Quizzes by...
Day
Popularity
Type
Ratings
Length
Year
Community
Subscriptions
Recent Discussions
Orange Saloon
Badges
Playlists
Quests
Create
Leaderboards
Showdown
Live 5
Trivia Bingo
Activity
Puzzle Library
Sporcle Events
Private Events
Virtual Trivia
Globe League
Become a Host
Pub Owners
SporcleCon
Opinionation
Our Games
Videos
Blog
Mobile Apps
Partnerships
Remove Ads and Go Orange
Feedback
Miscellaneous
Crossword
General Knowledge
Baby Names
Logo
Food
Cars
Numbers
Grab Bag
University
College
Popular
Company
Slogans
Restaurants
Justice
Letter
Miscellaneous
Crossword
General Knowledge
Baby Names
Logo
Food
Cars
Numbers
Grab Bag
University
College
Popular
Company
Slogans
Restaurants
Justice
Letter
Random Quiz
Search Sporcle
×
Quiz Lab
Quiz Lab
Miscellaneous
case
Type in answers that appear in a list
Type in answers that appear in a list
Classic
Best Score? Go Orange.
A-level PsychA Unit 2 case studies (AQA) Stats
Can you name the case studies for A-level PsychologyA Unit 2 (AQA)?
By
RAWRified
10m
43 Questions
24 Plays
24 Plays
24 Plays
Comments
Comments
Give Quiz Kudos
Give Quiz Kudos
-
- Ratings
hide this ad
More Info
Forced Order
Answers have to be entered in order
Answers have to be entered in order
Replay
Link that replays current quiz
Next Quiz
Link to next quiz in quiz playlist
You Got
0%
They Got
Avg Score
16%
Avg Friend Score
Upgrade to see
Score Distribution
Jump to the score distribution portion of the page
Score
0/43
Timer
10:00
0
Plays Today
% Correct
Zimbardo
70.8%
Asch
66.7%
Pavlov
62.5%
Freud
58.3%
Ellis
50%
Skinner
45.8%
Bandura
41.7%
Beck
41.7%
Moscovici
29.2%
Adorno
20.8%
Sherif
12.5%
Milgram et al
12.5%
Hofling et al
12.5%
Watson & Rayner
12.5%
Seligman
12.5%
Seyle
8.3%
Kiecolt-Glaser et al
8.3%
Holmes & Rahe
8.3%
Rahe et al
8.3%
Friedman & Rosenman
8.3%
Kobasa
8.3%
Kobasa (again)
8.3%
% Correct
Meichenbaum
8.3%
Bickman et al
8.3%
Rotter
8.3%
Lazarus & Folkman
4.2%
Seyle (again)
4.2%
Cohen et al
4.2%
Segerstrom & Miller
4.2%
Kanner et al
4.2%
Marmot et al
4.2%
Kirvaki et al
4.2%
Eysenick
4.2%
Denollet
4.2%
Carver et al
4.2%
Uchino et al
4.2%
Clark
4.2%
Deutsch & Gerard
4.2%
Hogg, Hogg & Abrahams
4.2%
Latane & Wolf
4.2%
Tanford & Penrod
4.2%
Gamson, Fireman & Rytina
4.2%
Nameth & Chile
4.2%
Quiz Playlist
Details
Report
Send in Message
Add To Playlist
More Info:
Based from the AQA textbook for Psychology A. 'Et al' is needed in answers where it applies.
Classic:
Type in answers that appear in a list
Forced Order:
Answers have to be entered in order
Last Updated: Feb 16, 2017
Quiz Scoreboard
CHALLENGE
Sign Up to Join the Scoreboard
Show All
Scores
Hide
Comments
May contain spoilers
Recently Published
5x2 Blitz: Bands
by SL_Kpop136
Music
30s
Colored Red Africa Blitz
by spor1
Geography
30s
Find the 'City' Movie
by crazypaving
Movies
60s
More to Explore
Quiz From the Vault
Featured Blog Post
14 Easter Pick-up Lines to Find Eggs With
hide this ad
You Might Also Like...
Tags
A-Level
AQA
case
Psychology
Study
unit
Unit 2
Today's Top Quizzes in Miscellaneous
Browse Miscellaneous
hide this ad
Today's Top Quizzes in case
Browse case
Top Contributed Quizzes in Miscellaneous
1
The JOE quick-fire general knowledge quiz: Day 174
2
5-to-1: Fast Food
3
9x9 Crossword: Disney Movie Titles
4
9x9 Crossword: Charlie and the Chocolate Factory
5
9x9 Crossword: Actors
6
9x9 Crossword: 2022 Movies
7
9x9 Crossword: The Simpsons
8
9x9 Crossword: Pixar Movie Titles
9
The JOE quick-fire general knowledge quiz: Day 173
10
9x9 Crossword: Flags
Explore More
Trending Topics
Marvel
Disney
Anime
Crossword
Harry Potter
Kpop
NBA
Song
WWE
Pokémon
The Office
NFL
Soccer
Country
Puzzle
hide this ad
More By:
RAWRified
Quiz
Plays
Rating
Category
Featured
Created
A-level Law Unit 2 case studies (AQA)
832
4.50
Miscellaneous
Jan 16, 2010
Popular UK baby names 2009
800
4.50
Miscellaneous
Jan 11, 2010
A2 Law Unit3A (AQA)
183
3.00
Miscellaneous
Jan 9, 2011
Declining in Sanskrit
138
3.00
Language
May 15, 2012
A2 Law Unit3A (Case Studies) (AQA)
103
5.00
Miscellaneous
Jan 8, 2011
Go to Creator's Profile
Score Distribution
Quiz Creator Spotlight
RAWRified
Follow
Send a Message
Quizzes Created
-
Created Quiz Play Count
-
More By This Creator
Popular Quizzes Today
1
Colored Red Africa Blitz
2
Find the US States - No Outlines Minefield
3
Find the 'City' Movie
4
5x2 Blitz: Bands
5
The Countries of the World
6
Find the US States
7
US States
8
Find the Countries of Europe - No Outlines Minefield
More Miscellaneous Quizzes
Prove You Aren't a Robot - Restaurant Logos
Curator's Pick
Trending Quizzes
Colored Red Europe Blitz I
Colored Red Europe Blitz II
Colored Red Africa Blitz II
Colored Red Europe Blitz III
Colored Red Africa Blitz III
Recently Updated
How Do You Spell That?
pecheneg
Godzilla Movies
pecheneg
Grab Bag: 4-10 Letters
pecheneg
2024 March Madness Bracket
pecheneg
Famous TV Couples
Peacemaker
Champions League XIs: Real Madrid
pecheneg
Largest US Cities 1790-2010
pecheneg
Rides in Walt Disney World
pecheneg
Most Oscar Losses (Acting)
pecheneg
Beyoncé Albums
pecheneg
Trending Topics
Marvel
Harry Potter
Anime
Kpop
Crossword
Disney
NBA
Soccer
Puzzle
WWE
Song
NFL
Country
The Office
Pokémon
Your Account Isn't Verified!
In order to create a playlist on Sporcle, you need to verify the email address you used during registration. Go to your
Sporcle Settings
to finish the process.
Report this User
Report this user for behavior that violates our
Community Guidelines
.
Details:
Send Report
Go to the Sporcle.com Mobile Site →
Comments